| 000 | 00552nam a22002057i 4500 | ||
|---|---|---|---|
| 003 | URS | ||
| 005 | 20230817141503.0 | ||
| 008 | 181207s2000 ph ||||| |||| 00| 0 eng d | ||
| 040 | _cURS | ||
| 050 | 1 | 4 |
_aLB15 _b.C87 2000 |
| 100 | 1 |
_aSanchez, Lourdes Ma. _4author |
|
| 245 | 1 | 0 | _aResearch Bulletin / |
| 264 | 1 |
_aManila : _bUniversity of the east, _c2000. |
|
| 300 |
_av, 81 p. _bcol. ill.; 22 cm. |
||
| 336 |
_atext _btxt _2rdacontent |
||
| 337 |
_aunmediated _bn _2rdamedia |
||
| 338 |
_avolume _bnc _2rdacarrier |
||
| 650 | 0 | _aResearch | |
| 942 |
_cR _2lcc |
||
| 999 |
_c72695 _d72694 |
||